000 00672nam a2200229 a 4500
008
020 _a0-13-461377-5(pbk.)
049 _aMAIN
090 _aHF5415.2LOV
100 1 _aLovestock,Christopher H.
245 1 0 _aServices marketing:
_b third edition/
_c christopher H. Lovestock.
260 _aNew Jersey:
_b Prentice Hall,
_c 1996.
300 _a3rd ed.,International ed.
504 _aIncludes bibliographical references.
500 _aIncludes index.
650 1 _aMarketing
907 _a.b10214835
_b20-03-07
_c19-09-06
003
005 20230123134247.0
040 _cNUST
942 _cBOOKS
_kHF5415.2LOV
999 _c162815
_d162815